Plants of the Nyika plateau: an account of the vegetation of the Nyika national parks of Malawi and Zambia (Record no. 81980)
[ view plain ]
| 000 -LEADER | |
|---|---|
| fixed length control field | 00900nam a2200193 a 4500 |
| 008 - FIXED-LENGTH DATA ELEMENTS--GENERAL INFORMATION | |
| fixed length control field | 080904s2005 ||||||||||||||||| || u |
| 020 ## - INTERNATIONAL STANDARD BOOK NUMBER | |
| International Standard Book Number | 1919976086 |
| 050 ## - LIBRARY OF CONGRESS CALL NUMBER | |
| Classification number | QK 402.M28 Pla |
| 245 00 - TITLE STATEMENT | |
| Title | Plants of the Nyika plateau: an account of the vegetation of the Nyika national parks of Malawi and Zambia |
| Statement of responsibility, etc. | John E. Burrows; Christopher K. Willis (eds) |
| 260 ## - PUBLICATION, DISTRIBUTION, ETC. | |
| Place of publication, distribution, etc. | Pretoria |
| Name of publisher, distributor, etc. | SABONET |
| Date of publication, distribution, etc. | 2005 |
| 300 ## - PHYSICAL DESCRIPTION | |
| Extent | xiii, 405p.: ill. |
| 350 ## - | |
| -- | 0.00 |
| 650 ## - SUBJECT ADDED ENTRY--TOPICAL TERM | |
| Topical term or geographic name entry element | PLANTS -- ZAMBIA |
| 650 ## - SUBJECT ADDED ENTRY--TOPICAL TERM | |
| Topical term or geographic name entry element | NYIKA NATIONAL PARK (MALAWI) |
| 650 ## - SUBJECT ADDED ENTRY--TOPICAL TERM | |
| Topical term or geographic name entry element | PLANTS -- MALAWI |
| 650 ## - SUBJECT ADDED ENTRY--TOPICAL TERM | |
| Topical term or geographic name entry element | PLANTS |
| 995 ## - | |
| -- | MAIN LIBRARY OPEN ACCESS |
| -- | 0.00 |
| -- | 738812 |
| -- | CBU-MAIN LIBRARY (Kitwe) |
| -- | 1 |
| -- | 0.00 |
| -- | QK 402.M28 PLA |
| -- | 1 |
| -- | AVAILABLE |
| -- | Oct 15, 2008 |
| -- | 738812 |
| -- | Main Library Open Access Collection |
| 995 ## - | |
| -- | TEXTBOOKS (SNR) |
| -- | 0.00 |
| -- | 4073 |
| -- | CBU-SCHOOL TEXTBOOK COLLECTIONS |
| -- | 1 |
| -- | 0.00 |
| -- | SCHOOL TEXTBOOK |
| -- | 2 |
| -- | AVAILABLE |
| -- | Jul 27, 2009 |
| -- | 4073 |
| -- | School Collections |
| 999 ## - | |
| -- | 81980 |
| -- | 81980 |
| Withdrawn status | Lost status | Source of classification or shelving scheme | Damaged status | Not for loan | Permanent Location | Current Location | Shelving location | Date acquired | Total Checkouts | Full call number | Barcode | Date last seen | Copy number | Price effective from | Koha item type |
|---|---|---|---|---|---|---|---|---|---|---|---|---|---|---|---|
| CBU-MAIN LIBRARY, KITWE. | CBU-MAIN LIBRARY, KITWE. | 09/12/2023 | QK 402.M28 Pla | 738812 | 09/12/2023 | 1 | 09/12/2023 | MONOGRAPH | |||||||
| CBU-SCHOOL TEXT BOOK COLLECTION | CBU-SCHOOL TEXT BOOK COLLECTION | 09/12/2023 | SCHOOL TEXTBOOK | 4073 | 09/12/2023 | 2 | 09/12/2023 | MONOGRAPH |